000 00638nam a2200181Ia 4500
003 IN-BaIIA
008 211028s9999 xx 000 0 eng d
020 _a92-9092-399-7
040 _cIIA Library
080 _a083.3:524.3
_bESA-15
110 _aEuropean Space Agency
245 0 _aHipparcos and Tycho catalogues
_bvol. 15, millennium star atlas (8h-15h)
_cEuropean Space Agency
260 _aNetherlands
_bEuropean Space Agency
_c1997
300 _a517-1032p
490 _aESA SP-1200
650 _aHipparcos and Tycho catalogues, Catalog-Hipparcos and Tycho, Star catalog
_921728
942 _cBK
999 _c12417
_d12417